000 01549namaa22003611i 4500
003 EG-GICUC
005 20260212111825.0
008 260212s1986 ua ||||jr|||| 000 0 ara d
017 _a1986 / 2321
_bدار الكتب والوثائق القومية(مصر)
020 _a9770215996
040 _aEG-GiCUC
_bara
_cEG-GiCUC
_dEG-GiCUC
_erda
082 0 4 _221
_a811.3
_bJ374d
092 0 4 _221
_a811.3
_bJ374d
099 _a811.3 J374d 1986
100 0 _aجرير بن عطية،
_d-728?
_eمؤلف.
245 1 _aديوان جرير /
_cشرح محمد بن حبيب ؛ تحقيق الدكتور نعمان محمد أمين طه
250 _aالطبعة الثالثة
264 _aالقاهرة ( مصر) :
_bدار المعارف،
_c1986
300 _a؛ 2 مجلد
_c24 سم
_bإيضاحيات، صور، مثيليات ؛ Illustrations
336 _2rdacontent
_atext
337 _2rdamedia
_aUnmediated
338 _2rdacarrier
_avolume
490 _aذخائر العرب ؛
_v43
504 _aيشتمل على ارجاعات ببليوجرافية
541 _aد. جابر عصفور ؛
_bالقاهرة ؛
_cإهداء ؛
_d2024.
600 _aجرير بن عطيه،
_dت.728؟
_xنقد وتحليل
650 1 7 _aالشعر العربى
_xتاريخ و نقد
_yالعصر الاموى
_2qrmak
650 1 7 _aالشعر العربى
_xدواوين و قصائد
_yالعصر الاموى
_2qrmak
651 1 _2qrmak
700 1 _aطه، نعمان محمد أمين
_eمحقق.
905 _aHuda
942 _2ddc
_cBK
_e21
_n0
999 _c178401
_d178401